Linear algebra, geometry and transformation

Αποθηκεύτηκε σε:
Λεπτομέρειες βιβλιογραφικής εγγραφής
Κύριος συγγραφέας: Solomon, Bruce (Συγγραφέας)
Μορφή: Βιβλίο
Γλώσσα:English
Δημοσίευση: Boca Raton : CRC Press, c2015.
Σειρά:Textbooks in mathematics
Θέματα:
Ετικέτες: Προσθήκη ετικέτας
Δεν υπάρχουν, Καταχωρήστε ετικέτα πρώτοι!

MARC

LEADER 00000cam a2200000 a 4500
001 1/107365
008 150713t2015####flu| ||| |||| ||eng||
020 |a 9781482299281   |q (σκληρό εξώφυλλο)  
040 |a GR-MyUa   |b gre  |c GR-MyUa  |e AACR2 
041 0 |a eng 
082 7 |a 512.5   |2 (23)  
100 1 |a Solomon, Bruce,  |e aut 
245 0 0 |a Linear algebra, geometry and transformation /   |c Bruce Solomon.  
260 |a Boca Raton :   |b CRC Press,   |c c2015.  
300 |a xiv, 460 σ. :   |b σχέδια ;   |c 26 εκ.  
490 1 |a Textbooks in mathematics  
504 |a Περιλαμβάνει βιβλιογραφικές παραπομπές και ευρετήριο.  
650 0 |a Algebras, Linear. 
830 0 |a Textbooks in mathematics 
852 |a INST  |b CHIOS  |e 20150713  |h 512.5 SOL  |p 005200037390  |q 005200037390  |t BK  |y 0 
922 |a 2ΕΛΗ  |b 2015-04  |c ΤΑΚ/ΤΜΟΔ  |d ΔΡΕΣ 
970 |a Σπέντζα  |b Ελένη  |z 13-07-2015